Biggest European Cities by Letter - T - Statistics

General Stats
  • This quiz has been taken 352 times
    225 since last reset
  • The average score is 11 of 18
Answers on the Map
Answers color-coded by a green-red scale on the quiz's map according to % correct below.
 
Answer Stats
Population Country City % Correct
846,926 Italy Turin
98%
437,817 Estonia Tallinn
97%
418,495 Albania Tirana
93%
504,078 France Toulouse
89%
319,045 Greece Thessaloniki
86%
199,400 Italy Trieste
73%
549,163 Netherlands The Hague
70%
214,565 Norway Trondheim
70%
255,050 Finland Tampere
64%
201,863 Finland Turku
60%
250,849 Romania Timisoara
51%
186,798 Italy Taranto
45%
473,622 Russia Tula
34%
416,219 Russia Tver
33%
684,709 Russia Tolyatti
32%
261,803 Russia Tambov
27%
245,120 Russia Taganrog
26%
225,004 Ukraine Ternopil
26%
No matching quizzes found
Score Distribution
Percent of People with Each Score
Percentile by Number Answered
Your Score History
You have not taken this quiz since the last reset